| 000 | 00469nam a22001937a 4500 | ||
|---|---|---|---|
| 003 | MPLRDC | ||
| 005 | 20220104142429.0 | ||
| 008 | 210129b ||||| |||| 00| 0 eng d | ||
| 020 | _a957-607-267-0 | ||
| 082 | _a868.71 BY-3 | ||
| 100 | _a柏一 | ||
| 245 |
_a把自由留给自己 _c |
||
| 250 | _a初版 | ||
| 260 |
_a _b圆神出版社有限公司 _c1997 |
||
| 300 | _b平 | ||
| 490 | _a圆神丛书. 216 | ||
| 650 | _a马华文学 | ||
| 942 |
_cBK _o868.71 BY-3 |
||
| 999 |
_c30842 _d30832 |
||